[Event "e2e4 Diamond Jubilee Premier"]
[Site "London ENG"]
[Date "2012.06.06"]
[Round "8.13"]
[White "Croad, Nicolas"]
[Black "Foo, William J"]
[Result "1/2-1/2"]
[WhiteTitle "FM"]
[WhiteElo "2334"]
[BlackElo "1959"]
[WhiteFideId "4300793"]
[BlackFideId "419753"]
[EventDate "2012.06.02"]

1. d4 d5 2. c4 c6 3. Nf3 Nf6 4. e3 a6 5. Qc2 g6 6. Bd3 Bg7 7. O-O O-O 8. Nc3
Nbd7 9. cxd5 cxd5 10. b3 b5 11. Ne2 Qb6 12. Bd2 Bb7 13. Rfc1 Rfc8 14. Qb2 a5 15.
a3 Ne4 16. Be1 Nd6 17. Rab1 Qd8 18. Rxc8 Rxc8 19. Qd2 Ra8 20. Rc1 a4 21. bxa4
Rxa4 22. Qb2 Nb6 23. Bb4 Nbc4 24. Qb3 Ne4 25. Nc3 Nxc3 26. Qxc3 e6 27. Nd2 e5
28. Nb3 Bc8 29. Nc5 exd4 30. exd4 Ra7 31. Re1 Re7 32. Nb3 Re6 33. g3 Qe8 34.
Rxe6 Qxe6 35. Qc1 Qg4 36. Qe1 Be6 37. Bc5 Qf3 38. Qe2 Qxe2 39. Bxe2 Bf8 40. Kf1
Nxa3 41. Bxa3 Bxa3 42. Bxb5 Kf8 43. Ke2 Bd6 44. Nc5 Ke7 45. Ke3 g5 46. Bd3 h6
47. Bf1 Kf6 48. Bg2 h5 49. Na4 h4 50. Nc3 Bb4 51. Nxd5+ Bxd5 52. Bxd5 hxg3 53.
fxg3 Bd6 54. Kf3 Kg6 55. Be4+ f5 56. Bc2 Kf6 57. h4 gxh4 58. gxh4 Kg7 59. Bxf5
Kh8 60. h5 1/2-1/2

[Event "e2e4 Diamond Jubilee Premier"]
[Site "London ENG"]
[Date "2012.06.06"]
[Round "8.14"]
[White "Tozer, Philip A A"]
[Black "McDonald, Ian"]
[Result "1/2-1/2"]
[WhiteElo "2199"]
[BlackElo "1840"]
[WhiteFideId "419982"]
[BlackFideId "2401541"]
[EventDate "2012.06.02"]

1. c4 e5 2. g3 Nf6 3. Bg2 c5 4. Nc3 Nc6 5. Nf3 d6 6. O-O Be7 7. a3 O-O 8. Rb1
Be6 9. d3 Qc7 10. Ne1 Rad8 11. Nd5 Qd7 12. Nc2 Nd4 13. Nce3 Nf5 14. Nxf5 Bxf5
15. b4 b6 16. bxc5 dxc5 17. Bb2 Nxd5 18. Bxd5 Be6 19. e4 Bxd5 20. cxd5 Bd6 21.
f4 f6 22. Rf2 c4 23. d4 exd4 24. Bxd4 Bxa3 25. Ra2 Qe7 26. Qf3 Bc5 27. Bxc5
Qxc5+ 28. Qf2 Qxf2+ 29. Kxf2 Rd7 30. Rc1 Rc8 31. Ke3 f5 32. Rac2 fxe4 33. Rxc4
Rxc4 34. Rxc4 Rxd5 35. Rc8+ Kf7 36. Rc7+ Kf6 37. Rxa7 Rb5 38. Kxe4 Rb2 39. Rb7
b5 40. Rb6+ Kf7 41. h4 b4 42. Rb5 b3 43. Rb7+ Kf8 44. g4 Rb1 45. h5 b2 46. g5
Ke8 47. h6 gxh6 48. gxh6 Rh1 49. Rxb2 Rxh6 50. Rb7 Kf8 51. Ke5 Rh1 52. f5 h5 53.
Kf6 Ke8 54. Rb8+ Kd7 55. Kf7 h4 56. f6 h3 57. Rb2 Rd1 58. Rh2 Rd3 59. Kg7 Rg3+
60. Kf7 1/2-1/2

[Event "e2e4 Diamond Jubilee Premier"]
[Site "London ENG"]
[Date "2012.06.06"]
[Round "8.15"]
[White "Orishko, Yaroslav"]
[Black "Byron, Alan M"]
[Result "0-1"]
[WhiteElo "2080"]
[BlackElo "2179"]
[WhiteFideId "14102919"]
[BlackFideId "401773"]
[EventDate "2012.06.02"]

1. d4 Nf6 2. c4 e6 3. Nc3 d5 4. cxd5 exd5 5. Nf3 Be7 6. Bg5 c6 7. e3 Bf5 8. Bd3
Bxd3 9. Qxd3 O-O 10. Bxf6 Bxf6 11. b4 Qd6 12. Rb1 Nd7 13. O-O a6 14. a4 b5 15.
a5 Bd8 16. e4 dxe4 17. Nxe4 Qd5 18. Rfd1 Nf6 19. Nc3 Qd6 20. Ne5 Nd5 21. Ne4 Qe6
22. Qc2 f6 23. Nxc6 Rc8 24. Nxd8 Rfxd8 25. Nc5 Qg4 26. Qd2 Kh8 27. f3 Qf5 28.
Rbc1 Rc6 29. Re1 h5 30. Nb7 Rdc8 31. Rxc6 Rxc6 32. Nc5 Nf4 33. Re4 g5 34. Qa2
Qd5 35. Qd2 Rd6 36. Qe3 Ng6 37. g4 h4 38. Kf2 Kh7 39. Qd3 Kh6 40. Ke3 Nf4 41.
Qc2 f5 42. gxf5 Qxf5 43. Qd2 Rf6 44. Qf2 Nd5+ 45. Ke2 Nxb4 46. Re6 Rxe6+ 47.
Nxe6 Qxe6+ 48. Kf1 Qc4+ 49. Kg2 Qc2 50. Kf1 Qxf2+ 51. Kxf2 Kg6 0-1

[Event "e2e4 Diamond Jubilee Premier"]
[Site "London ENG"]
[Date "2012.06.06"]
[Round "8.16"]
[White "Hegarty, Sarah N"]
[Black "Talbot, Andrew R"]
[Result "1-0"]
[WhiteTitle "WFM"]
[WhiteElo "2062"]
[BlackElo "2158"]
[WhiteFideId "2501465"]
[BlackFideId "410403"]
[EventDate "2012.06.02"]

1. e4 c5 2. Nf3 d6 3. d4 cxd4 4. Nxd4 Nf6 5. Nc3 a6 6. Bc4 e6 7. Bb3 b5 8. Bg5
Be7 9. Qf3 Qb6 10. O-O-O Qb7 11. Qg3 b4 12. Bxf6 Bxf6 13. Nce2 O-O 14. Nf4 Be5
15. Nf3 Qxe4 16. Nxe5 dxe5 17. Nh5 Qg6 18. Qh4 Nc6 19. Rhe1 Qh6+ 20. Kb1 g6 21.
Qe4 Qxh5 22. Qxc6 Rb8 23. Qc7 Bb7 24. Rd7 Rfc8 25. Qd6 Qf5 26. f3 e4 27. g4 Qc5
28. Qf4 Qf8 29. fxe4 Bc6 30. Rd6 Qe8 31. Qf6 Bd7 32. Rxa6 Bc6 33. Ra7 Rb7 34.
Ra5 Rd8 35. Re5 Rbd7 36. c3 Rd6 37. cxb4 Qd7 38. h4 Rd2 39. Qf3 Qd4 40. Qc3 Qf2
41. Rc1 Qf4 42. Bc2 Bb7 43. h5 Rc8 44. Rc5 Rcd8 45. hxg6 hxg6 46. Rh1 f6 47. Qh3
Rd1+ 48. Rxd1 Rxd1+ 49. Bxd1 Qxe4+ 50. Ka1 Qd4 51. Qb3 Kh8 52. a3 Bd5 53. Qc2 e5
54. Qh2+ Kg8 55. Rc8+ Kf7 56. Qh7+ Ke6 57. Re8+ Kd6 58. Qe7+ Kc6 59. Ba4+ 1-0

[Event "e2e4 Diamond Jubilee Premier"]
[Site "London ENG"]
[Date "2012.06.06"]
[Round "8.17"]
[White "Bhatia, Kanwal K"]
[Black "Jackson, James P"]
[Result "1-0"]
[WhiteTitle "WFM"]
[WhiteElo "2064"]
[BlackElo "2121"]
[WhiteFideId "407496"]
[BlackFideId "416860"]
[EventDate "2012.06.02"]

1. e4 c5 2. c3 Nf6 3. e5 Nd5 4. d4 cxd4 5. cxd4 d6 6. Nf3 Nc6 7. Bc4 Nb6 8. Bb3
d5 9. Nh4 e6 10. Nf3 Be7 11. O-O O-O 12. Nc3 Bd7 13. Re1 f5 14. exf6 Bxf6 15.
Bc2 Be8 16. Ne2 Bh5 17. Kh1 Rc8 18. Bb1 Bxf3 19. gxf3 e5 20. Qd3 g6 21. Rg1 Rf7
22. a4 exd4 23. f4 Nd7 24. Qh3 Nc5 25. f5 Qd7 26. Qh5 Ne4 27. Bxe4 dxe4 28. fxg6
hxg6 29. Qxg6+ Bg7 30. Bh6 Re8 31. Nf4 Ne5 32. Qh5 Nf3 33. Rg6 Rc8 34. Ne6 Rc6
35. Bxg7 Rxg7 36. Rxg7+ Qxg7 37. Nxg7 Kxg7 38. Qg4+ 1-0

[Event "e2e4 Diamond Jubilee Premier"]
[Site "London ENG"]
[Date "2012.06.06"]
[Round "8.18"]
[White "Moss, Guy"]
[Black "Sreeves, Clement"]
[Result "1-0"]
[WhiteElo "1888"]
[BlackElo "2209"]
[WhiteFideId "2804620"]
[BlackFideId "2402564"]
[EventDate "2012.06.02"]

1. e4 c5 2. Nf3 d6 3. c3 Nf6 4. h3 Nc6 5. Bd3 g6 6. Bc2 Bg7 7. O-O O-O 8. d4
cxd4 9. cxd4 Nb4 10. Bb3 a5 11. Nc3 Nd7 12. Be3 b6 13. a3 Nc6 14. Nd5 Ba6 15.
Re1 b5 16. Rc1 Rc8 17. Bg5 Re8 18. a4 b4 19. Nf4 Nxd4 20. Rxc8 Nxf3+ 21. Qxf3
Qxc8 22. Nxg6 hxg6 23. Bxf7+ Kf8 24. Bxg6+ Nf6 25. Bxe8 Kxe8 26. Rc1 Qb7 27.
Bxf6 Bxf6 28. Qh5+ Kf8 29. Qxa5 Bxb2 30. Rc7 Qb8 31. Rc2 1-0

[Event "e2e4 Diamond Jubilee Premier"]
[Site "London ENG"]
[Date "2012.06.06"]
[Round "8.19"]
[White "Karayiannis, Costas"]
[Black "Goodger, Martyn"]
[Result "1/2-1/2"]
[WhiteElo "2167"]
[BlackElo "2091"]
[WhiteFideId "405183"]
[BlackFideId "408336"]
[EventDate "2012.06.02"]

1. c4 f5 2. g3 Nf6 3. Bg2 g6 4. Nc3 Bg7 5. d3 O-O 6. e4 fxe4 7. dxe4 d6 8. Nge2
c5 9. O-O Nc6 10. h3 e5 11. Bg5 Be6 12. Nd5 Qd7 13. Kh2 Kh8 14. Qd2 Rab8 15.
Rad1 Nd4 16. Ng1 b5 17. cxb5 Rxb5 18. Nc3 1/2-1/2

[Event "e2e4 Diamond Jubilee Premier"]
[Site "London ENG"]
[Date "2012.06.06"]
[Round "8.20"]
[White "Mihajlov, Sebastian"]
[Black "Jaunooby, Ali R"]
[Result "0-1"]
[WhiteElo "2064"]
[BlackElo "2158"]
[WhiteFideId "1512110"]
[BlackFideId "413291"]
[EventDate "2012.06.02"]

1. d4 c5 2. d5 e5 3. c4 d6 4. Nc3 g6 5. e4 Bg7 6. g3 Ne7 7. Nf3 O-O 8. Bg2 h6 9.
O-O a6 10. a4 f5 11. Ne1 f4 12. gxf4 exf4 13. Nd3 g5 14. e5 Bf5 15. exd6 Qxd6
16. Ne4 Qg6 17. f3 Bd4+ 18. Kh1 Nd7 19. Re1 Nc8 20. Rb1 Nd6 21. b4 b6 22. bxc5
bxc5 23. Nb4 Bxe4 24. Nc6 Bxb1 25. Ne7+ Kf7 26. Nxg6 Bxg6 27. Re6 Be5 28. Bh3
Nf5 29. Qe1 Rae8 30. Qa5 Rb8 31. Rxe5 Nxe5 32. Qc7+ Kf6 33. d6 Rb1 34. Bxf5
Rxc1+ 35. Kg2 Kxf5 36. d7 Rc2+ 37. Kf1 Bf7 38. d8=Q Rxd8 39. Qxd8 Bxc4+ 40. Ke1
Nxf3+ 41. Kd1 Rd2+ 0-1

[Event "e2e4 Diamond Jubilee Premier"]
[Site "London ENG"]
[Date "2012.06.06"]
[Round "8.22"]
[White "Josse, Mark"]
[Black "Matthew, Ian G"]
[Result "1-0"]
[WhiteElo "2131"]
[BlackElo "1930"]
[WhiteFideId "414476"]
[BlackFideId "423165"]
[EventDate "2012.06.02"]

1. e4 c5 2. Nc3 e6 3. Nf3 d5 4. exd5 exd5 5. d4 c4 6. g3 Nf6 7. Bg2 Bb4 8. O-O
Bxc3 9. bxc3 O-O 10. Bg5 Na6 11. Ne5 Nc7 12. f4 Qd6 13. f5 Nfe8 14. Ng4 f6 15.
Bf4 Qa3 16. Ne3 Qa5 17. g4 Bd7 18. h4 Bc6 19. Qe1 Rd8 20. g5 fxg5 21. hxg5 Nd6
22. Be5 Nf7 23. Bf4 Nd6 24. Rf3 Ne4 25. Rh3 Ne6 26. Qh4 Nxf4 27. Qxf4 Qxc3 28.
Rd1 Qb4 29. Bxe4 dxe4 30. Qh4 Kf7 31. Qxh7 Qd6 32. Nxc4 1-0

[Event "e2e4 Diamond Jubilee Premier"]
[Site "London ENG"]
[Date "2012.06.06"]
[Round "8.23"]
[White "Armstrong, Malcolm J"]
[Black "Pace, Colin"]
[Result "1/2-1/2"]
[BlackTitle "CM"]
[WhiteElo "2040"]
[BlackElo "2128"]
[WhiteFideId "409049"]
[BlackFideId "5600189"]
[EventDate "2012.06.02"]

1. d4 f5 2. Nc3 Nf6 3. Bg5 d5 4. Bxf6 exf6 5. e3 Be6 6. Qf3 Qd7 7. a3 Nc6 8. Bb5
a6 9. Ba4 b5 10. Bb3 Rd8 11. Nge2 Na5 12. Nf4 c6 13. h4 g6 14. Nd3 Nb7 15. Ba2
Kf7 16. g3 Qc8 17. Ne2 h5 18. O-O Bd6 19. Nef4 g5 20. Ng2 Rde8 21. hxg5 fxg5 22.
Ne5+ Kg7 23. Qe2 Bxe5 24. dxe5 Nc5 25. Kh2 Qc7 26. f4 Ne4 27. c3 Qe7 28. Bb1
gxf4 29. gxf4 Reg8 30. Bxe4 dxe4 31. Rg1 Kf8 32. Rad1 Rg4 33. Qe1 Rhg8 34. Rd6
h4 35. Kh3 Rg3+ 36. Kh2 R8g6 37. Rxc6 Qg7 38. Qd2 Qe7 39. Qd6 Qxd6 40. Rxd6 Ke7
41. Rdd1 R3g4 42. Rdf1 Bc4 43. Re1 Kf7 44. Kh3 Rg3+ 45. Kh2 R3g4 46. Kh3 Kg7 47.
Rd1 Rg3+ 48. Kh2 R3g4 49. Kh3 Rg3+ 50. Kh2 R3g4 1/2-1/2

[Event "e2e4 Diamond Jubilee Premier"]
[Site "London ENG"]
[Date "2012.06.06"]
[Round "8.24"]
[White "Thompson, Robert"]
[Black "Lee, Kai Jie Edward"]
[Result "1-0"]
[WhiteElo "1965"]
[BlackElo "2102"]
[WhiteFideId "417513"]
[BlackFideId "5802920"]
[EventDate "2012.06.02"]

1. c4 c6 2. g3 Nf6 3. Bg2 d5 4. Nf3 Bg4 5. cxd5 Bxf3 6. Bxf3 cxd5 7. d3 Nc6 8.
O-O e6 9. Nc3 Bd6 10. e4 dxe4 11. dxe4 O-O 12. Bg2 Qe7 13. Be3 Bc5 14. Bxc5 Qxc5
15. Rc1 Qb4 16. Qa4 a5 17. a3 Qxa4 18. Nxa4 e5 19. Rfd1 Nd4 20. Rc5 Rfd8 21. Nc3
Nd7 22. Rd5 f6 23. Nb5 Nb6 24. Nxd4 Nxd5 25. Ne6 Rd6 26. exd5 Rc8 27. Be4 g6 28.
Kg2 Kf7 29. f4 exf4 30. Nxf4 f5 31. Bb1 Kf6 32. Ne2 Rc5 33. Nc3 b5 34. Rf1 Ke5
35. Re1+ Kf6 36. Ba2 b4 37. axb4 axb4 38. Na4 Rc2+ 39. Kh3 g5 40. g4 Rd2 41. Bc4
Rd4 42. b3 Rxg4 43. Nc5 h5 44. Nd3 Rd4 45. Kg2 h4 46. Nxb4 Rd2+ 47. Kg1 g4 48.
Re6+ Rxe6 49. dxe6 Rd1+ 50. Kf2 Rd2+ 51. Ke3 Rd6 52. Nd3 h3 53. Kf2 Ke7 54. Kg3
Rd4 55. Nf4 Kf6 56. Bd3 Rd6 57. b4 Rd8 58. b5 Ke5 59. b6 Rb8 60. e7 Kf6 61. Nd5+
Ke6 62. Bc4 f4+ 63. Kxf4 Kf7 1-0

[Event "e2e4 Diamond Jubilee Premier"]
[Site "London ENG"]
[Date "2012.06.06"]
[Round "8.25"]
[White "O'Donnell, Conor"]
[Black "Tasker, Michael W"]
[Result "1-0"]
[WhiteElo "1860"]
[BlackElo "2098"]
[WhiteFideId "2504243"]
[BlackFideId "408271"]
[EventDate "2012.06.02"]

1. e4 c5 2. Nc3 Nc6 3. f4 g6 4. Nf3 Bg7 5. Bb5 Nd4 6. O-O Nxb5 7. Nxb5 d5 8.
exd5 a6 9. Nc3 Nf6 10. d4 cxd4 11. Qxd4 O-O 12. Be3 Ng4 13. Qd2 Nxe3 14. Qxe3
Bf5 15. Nd4 Qd7 16. Rac1 Rac8 17. Rfd1 Rfe8 18. Rd2 Rc4 19. Nxf5 gxf5 20. Nd1 b5
21. c3 Re4 22. Qf3 Qd6 23. g3 Rd8 24. Nf2 Qc5 25. Rd3 b4 26. Kg2 Rc4 27. Nd1 Qa5
28. Ne3 Qxa2 29. Nxc4 Qxc4 30. Rcd1 bxc3 31. bxc3 Rb8 32. Qe3 Bf6 33. Kh3 Rb2
34. d6 Qc6 35. R1d2 Qh1 36. Rxb2 1-0

[Event "e2e4 Diamond Jubilee Premier"]
[Site "London ENG"]
[Date "2012.06.06"]
[Round "8.26"]
[White "Olsson, Tomas"]
[Black "Burrows, Martin P"]
[Result "0-1"]
[WhiteElo "1992"]
[BlackElo "2134"]
[WhiteFideId "1702696"]
[BlackFideId "409057"]
[EventDate "2012.06.02"]

1. e4 e6 2. d4 d5 3. Nc3 Bb4 4. e5 c5 5. a3 Bxc3+ 6. bxc3 Ne7 7. Qg4 Qc7 8. Qxg7
Rg8 9. Qxh7 cxd4 10. Ne2 Nbc6 11. f4 dxc3 12. Qd3 Nf5 13. g4 Rxg4 14. Bh3 Rg6
15. Bxf5 exf5 16. Nxc3 Be6 17. Nb5 Qb6 18. Nd6+ Kf8 19. Be3 d4 20. Bd2 Bd5 21.
Qxf5 Ne7 22. Qh5 Bxh1 23. Qh8+ Ng8 24. Bb4 Qxb4+ 25. axb4 Rh6 0-1

[Event "e2e4 Diamond Jubilee Premier"]
[Site "London ENG"]
[Date "2012.06.06"]
[Round "8.27"]
[White "Stewart, Ashley"]
[Black "Fox, Anthony"]
[Result "0-1"]
[WhiteElo "1994"]
[BlackElo "2110"]
[WhiteFideId "419001"]
[BlackFideId "2500736"]
[EventDate "2012.06.02"]

1. d4 d5 2. c4 e6 3. Nf3 Nf6 4. g3 Be7 5. Bg2 O-O 6. O-O dxc4 7. Qc2 a6 8. a4
Bd7 9. Qxc4 Bc6 10. Bg5 Nbd7 11. Nc3 Rc8 12. Qd3 Re8 13. Rfd1 Bxf3 14. Qxf3 c6
15. e4 h6 16. Be3 Qa5 17. h4 Bb4 18. Ne2 c5 19. Bh3 cxd4 20. Nxd4 Ne5 21. Qg2
Nc4 22. Bc1 Qe5 23. Nc2 Bc5 24. Re1 Nxb2 25. Bf4 Qc3 26. Ne3 Nd3 27. Rf1 Nxf4
28. gxf4 Bxe3 29. fxe3 Qxe3+ 30. Kh2 Qxe4 31. Rf3 Rc2 32. Rf2 Rec8 33. Qxe4 Nxe4
34. Rxc2 Rxc2+ 35. Kg1 b5 36. axb5 axb5 37. Bf1 Rb2 38. Ra8+ Kh7 39. Bd3 f5 40.
Bxe4 fxe4 41. Re8 b4 42. Rxe6 b3 43. Rb6 e3 44. Kf1 Rf2+ 45. Ke1 b2 0-1

[Event "e2e4 Diamond Jubilee Premier"]
[Site "London ENG"]
[Date "2012.06.06"]
[Round "8.28"]
[White "Kahn, Tito"]
[Black "Murphy, Conor E"]
[Result "1/2-1/2"]
[WhiteElo "2085"]
[BlackElo "1954"]
[WhiteFideId "15600084"]
[BlackFideId "421669"]
[EventDate "2012.06.02"]

1. d4 d5 2. Nf3 Nf6 3. e3 g6 4. b3 Bg7 5. Be2 O-O 6. Bb2 c6 7. O-O Nbd7 8. Nbd2
b6 9. Ne5 Bb7 10. c4 Ne4 11. Nxe4 dxe4 12. Qc2 f5 13. f4 Nxe5 14. dxe5 c5 15.
Rad1 Qc8 16. Rd2 Bc6 17. Rfd1 a5 18. a4 Qe6 1/2-1/2

[Event "e2e4 Diamond Jubilee Premier"]
[Site "London ENG"]
[Date "2012.06.06"]
[Round "8.29"]
[White "Taylor, Adam C"]
[Black "Humphreys, Jerry G"]
[Result "1/2-1/2"]
[WhiteElo "1948"]
[BlackElo "2080"]
[WhiteFideId "424668"]
[BlackFideId "408158"]
[EventDate "2012.06.02"]

1. c4 Nf6 2. Nc3 c5 3. g3 Nc6 4. Bg2 b6 5. d3 Bb7 6. e4 d6 7. f4 e6 8. Be3 Be7
9. h3 O-O 10. Nge2 Rc8 11. O-O Nd7 12. f5 Nde5 13. Nf4 Qd7 14. g4 Rfe8 15. Nh5
Kh8 16. Qd2 Nb4 17. Bg5 Bxg5 18. Qxg5 f6 19. fxe6 Qe7 20. Nxf6 gxf6 21. Rxf6 Rg8
22. Qh6 Rg6 23. Rxg6 Nxg6 24. Rf1 Rf8 25. Rxf8+ Nxf8 26. Nd5 Bxd5 27. exd5 Nxd3
28. g5 Ng6 29. Be4 Nde5 30. h4 Qg7 31. Qh5 Kg8 32. b3 Qf8 33. Bxg6 Nxg6 34. Qg4
Ne5 35. Qh5 Ng6 36. Qg4 a6 37. Kg2 b5 38. h5 Ne5 39. Qe4 bxc4 40. bxc4 Qg7 41.
Qf4 Qf8 42. Qe4 Qe8 43. Qf5 Qf8 44. Qe4 1/2-1/2

[Event "e2e4 Diamond Jubilee Premier"]
[Site "London ENG"]
[Date "2012.06.06"]
[Round "8.31"]
[White "Savage, Nicholas W"]
[Black "Cafolla, Peter"]
[Result "1-0"]
[WhiteElo "2072"]
[BlackElo "1995"]
[WhiteFideId "417157"]
[BlackFideId "2500884"]
[EventDate "2012.06.02"]

1. d4 d5 2. c4 e6 3. Nf3 c5 4. cxd5 exd5 5. g3 Nc6 6. Bg2 Nf6 7. O-O Be7 8. dxc5
Bxc5 9. Qc2 Be7 10. Nc3 O-O 11. Rd1 Be6 12. Be3 Qd7 13. Rac1 h6 14. Nd4 Bh3 15.
Bh1 Ne5 16. Qb3 Rad8 17. Ndb5 a6 18. Nxd5 Be6 19. Nbc7 Nxd5 20. Bxd5 Bxd5 21.
Nxd5 Bd6 22. Bf4 Qe6 23. Qxb7 g5 24. Bxe5 Bxe5 25. Rc6 Rxd5 26. Rxd5 Qf5 27.
Rdc5 Qb1+ 28. Rc1 Qe4 29. Qxa6 Bxb2 30. R1c2 Bd4 31. Qd3 Qe5 32. Rxh6 Rb8 33.
Rhc6 Kg7 34. R6c4 Ba7 35. Qc3 Rb1+ 36. Kg2 1-0

[Event "e2e4 Diamond Jubilee Premier"]
[Site "London ENG"]
[Date "2012.06.06"]
[Round "8.32"]
[White "Donovan, Nigel P"]
[Black "Dixit, Kumar"]
[Result "1/2-1/2"]
[WhiteElo "2033"]
[BlackElo "1858"]
[WhiteFideId "403822"]
[BlackFideId "421103"]
[EventDate "2012.06.02"]

1. e4 c6 2. d3 d5 3. Nd2 e5 4. Ngf3 Bd6 5. g3 Nf6 6. Bg2 O-O 7. O-O Re8 8. Re1
Bg4 9. Nf1 Nbd7 10. h3 Bh5 11. g4 Bg6 12. Ng3 dxe4 13. dxe4 Bc5 14. Nh2 Qb6 15.
Qf3 Nf8 16. g5 Nh5 17. c3 a5 18. Ng4 Ne6 19. h4 Nef4 20. Nxe5 Nxg2 21. Kxg2 Rxe5
22. Nxh5 Bxf2 23. Qxf2 Qxf2+ 24. Kxf2 Bxh5 25. Bf4 Rb5 26. b3 c5 1/2-1/2

[Event "e2e4 Diamond Jubilee Premier"]
[Site "London ENG"]
[Date "2012.06.06"]
[Round "8.33"]
[White "McMahon, Daire"]
[Black "Taylor, Dale C"]
[Result "1/2-1/2"]
[WhiteTitle "FM"]
[WhiteElo "2229"]
[BlackElo "1990"]
[WhiteFideId "2500477"]
[BlackFideId "416410"]
[EventDate "2012.06.02"]

1. d4 d5 2. Nf3 c6 3. g3 Nf6 4. Bg2 Bf5 5. O-O e6 6. c4 Bd6 7. b3 Bxb1 8. Rxb1
Ne4 9. Qc2 f5 10. b4 Nd7 11. b5 O-O 12. e3 g5 13. Nd2 Ndf6 14. Nxe4 fxe4 15.
bxc6 bxc6 16. Bd2 g4 17. Rb7 Rf7 18. Rfb1 Rxb7 19. Rxb7 Qc8 20. Rb3 Rb8 21. Bf1
h5 22. h3 Kf7 23. hxg4 Nxg4 24. Be2 Rxb3 25. Qxb3 Qb8 26. Qxb8 Bxb8 27. c5 Bc7
28. Ba6 Ke7 29. Kg2 Kd7 30. Be1 Bd8 31. Kh3 e5 32. Kg2 Bf6 33. Bc3 Kc7 34. Be2
Kd8 35. Bxg4 hxg4 36. dxe5 Bg7 37. Kf1 Ke7 38. Ke2 Ke6 39. Kd2 Bxe5 40. Bxe5
Kxe5 1/2-1/2

[Event "e2e4 Diamond Jubilee Premier"]
[Site "London ENG"]
[Date "2012.06.06"]
[Round "8.34"]
[White "Pena Torres, Jose Carlos"]
[Black "Shepherd, David"]
[Result "1/2-1/2"]
[WhiteElo "2105"]
[BlackElo "1934"]
[WhiteFideId "2206617"]
[BlackFideId "412023"]
[EventDate "2012.06.02"]

1. e4 e6 2. d4 d5 3. Nd2 Nf6 4. e5 Nfd7 5. Bd3 c5 6. c3 Nc6 7. Ne2 Be7 8. O-O f5
9. exf6 Nxf6 10. Nf3 O-O 11. Bf4 Qe8 12. Ne5 Qh5 13. Nxc6 bxc6 14. Be5 Ng4 15.
Bg3 Nh6 16. Qc2 Nf5 17. Rae1 Qf7 18. dxc5 Bxc5 19. b4 Bb6 20. Nd4 Bd7 21. Nf3
Qf6 22. Ne5 Be8 23. c4 Bd4 24. Nf3 Bg6 25. Be5 Bxe5 26. Nxe5 Nd4 27. Qc3 Bxd3
28. Qxd3 c5 29. Nd7 Qf5 30. Qxf5 Rxf5 31. cxd5 Rxd5 32. Nxc5 a5 33. a3 axb4 34.
axb4 Rb8 35. Nxe6 Nxe6 36. Rxe6 Rxb4 37. Re8+ Kf7 38. Rfe1 Rbd4 39. R8e7+ Kf6
40. R7e6+ Kf7 41. Re7+ Kf8 42. g3 Rd7 43. Re8+ Kf7 44. h4 R7d6 45. R8e5 R4d5 46.
Kg2 Rxe5 47. Rxe5 g6 48. h5 1/2-1/2

[Event "e2e4 Diamond Jubilee Premier"]
[Site "London ENG"]
[Date "2012.06.06"]
[Round "8.35"]
[White "Taylor, Robert Graham"]
[Black "Grigoryan, Meri"]
[Result "1/2-1/2"]
[BlackTitle "WFM"]
[WhiteElo "1957"]
[BlackElo "2028"]
[WhiteFideId "1800841"]
[BlackFideId "13300571"]
[EventDate "2012.06.02"]

1. c4 Nf6 2. d4 e6 3. Nf3 Bb4+ 4. Bd2 Qe7 5. a3 Bxd2+ 6. Nbxd2 c5 7. e3 O-O 8.
Bd3 cxd4 9. Nxd4 Nc6 10. Ne2 Ne5 11. Bc2 b6 12. O-O Ba6 13. b3 d5 14. f4 Neg4
15. Rf3 e5 16. h3 Nxe3 17. Rxe3 Qc5 18. Nf1 exf4 19. b4 Qxc4 20. Bd3 Qc8 21.
Bxa6 Qxa6 22. Nxf4 Qc4 23. Ne2 Rfe8 24. Qd4 Qc7 25. Rc1 Qd7 26. Nc3 Rec8 27. Rd3
Rc4 28. Qxc4 dxc4 29. Rxd7 Nxd7 30. Ne3 Ne5 31. Nb5 a6 32. Nc3 b5 33. Rd1 Nd3
34. Nc2 f6 35. Ne1 Ne5 36. Rd6 Kf8 37. Nd5 a5 38. Nf3 axb4 39. axb4 Nxf3+ 40.
gxf3 Ra1+ 41. Kf2 Rd1 42. Ke2 Rd4 43. Rd7 c3 44. Nf4 c2 45. Ne6+ Kg8 46. Rc7 h6
47. Rxc2 Rxb4 48. Kf2 1/2-1/2

[Event "e2e4 Diamond Jubilee Premier"]
[Site "London ENG"]
[Date "2012.06.06"]
[Round "8.36"]
[White "Balaji, Ananthanarayanan"]
[Black "Waterfield, John W"]
[Result "1/2-1/2"]
[WhiteElo "1834"]
[BlackElo "2009"]
[WhiteFideId "421197"]
[BlackFideId "407143"]
[EventDate "2012.06.02"]

1. e4 g6 2. g3 Bg7 3. Bg2 c5 4. Nc3 Nc6 5. d3 d6 6. Be3 Rb8 7. Qd2 b5 8. Nge2
Nd4 9. O-O e6 10. Nc1 Ne7 11. Nd1 e5 12. c3 Ne6 13. Bh6 O-O 14. Bxg7 Kxg7 15.
Ne3 Bb7 16. f4 f5 17. Ne2 Qb6 18. Rf2 Rf6 19. Raf1 Rbf8 20. fxe5 dxe5 21. Bh3
Qc6 22. Bg2 Qd6 23. exf5 Bxg2 24. Nxg2 Rxf5 25. Rxf5 gxf5 26. Nh4 Qd5 27. Qe3 h6
28. Re1 Ng5 29. Nf4 exf4 30. Qxe7+ Rf7 31. Qe5+ Qxe5 32. Rxe5 fxg3 33. hxg3 Rd7
34. Nxf5+ Kf6 35. Rxc5 Rxd3 36. Rxb5 Rd2 37. Nd4 Ne4 38. g4 Kg6 39. Nf3 Rc2 40.
Rb4 Nf2 41. c4 Nh3+ 42. Kh1 Nf2+ 43. Kg1 1/2-1/2

[Event "e2e4 Diamond Jubilee Premier"]
[Site "London ENG"]
[Date "2012.06.06"]
[Round "8.37"]
[White "Garnett, John S"]
[Black "Taylor, Adam A"]
[Result "1-0"]
[WhiteElo "2008"]
[BlackElo "1869"]
[WhiteFideId "410829"]
[BlackFideId "415790"]
[EventDate "2012.06.02"]

1. d4 Nf6 2. Bg5 c5 3. Bxf6 gxf6 4. d5 Bg7 5. c3 d6 6. g3 e5 7. Qc2 f5 8. Bh3 e4
9. f3 O-O 10. fxe4 fxe4 11. Bxc8 Qxc8 12. Qxe4 Re8 13. Qf3 Nd7 14. Nd2 Ne5 15.
Qe4 c4 16. Qc2 Ng4 17. Nf1 Re5 18. h3 Nf6 19. O-O-O Rxd5 20. Nf3 Qc5 21. g4 b5
22. Ng3 b4 23. cxb4 Qxb4 24. Nf5 Rxd1+ 25. Rxd1 Rb8 26. Ne7+ Kh8 27. Nc6 Qb6 28.
Nxb8 Qxb8 29. Qxc4 Nxg4 30. Qb3 Qc7+ 31. Kb1 Nf2 32. Rc1 Qe7 33. Qc2 h6 34. Qf5
Qe4+ 35. Qxe4 Nxe4 36. Rc7 a5 37. Rxf7 Ng3 38. Ra7 Nxe2 39. Rxa5 Nf4 40. b4 Bf6
41. b5 Nd5 42. a4 Kg7 43. Ra6 Kf7 44. b6 1-0